[Event "Quenza op 14th"]
[Site "Quenza"]
[Date "2025.07.06"]
[Round "1"]
[White "Grimaldi Peetz, Anton"]
[Black "Fressinet, Laurent"]
[Result "0-1"]
[WhiteElo "1727"]
[BlackElo "2605"]
[PlyCount "42"]
[EventDate "2025.07.06"]
[EventType "swiss (blitz)"]
[EventRounds "9"]
[EventCountry "FRA"]
[SourceTitle "CB29_2025"]
[SourceDate "2025.07.16"]
[SourceVersion "1"]
[SourceVersionDate "2025.07.16"]
[SourceQuality "1"]

1. e4 e5 2. Nf3 Nc6 3. Bc4 Nf6 4. d3 Bc5 5. c3 d6 6. 0-0 a6 7. Nbd2 Ba7 8. h3 h6 9. Re1 g5 10. d4 g4 11. hxg4 Nxg4 12. Nf1 Qf6 13. Ne3 Nxe3 14. Bxe3 Bg4 15. Be2 Bxf3 16. Bxf3 exd4 17. cxd4 Nxd4 18. Bxd4 Qxd4 19. Qc2 0-0-0 20. Rad1 Qc5 21. Qd3 Qxf2+ 0-1

[Event "Quenza op 14th"]
[Site "Quenza"]
[Date "2025.07.06"]
[Round "7"]
[White "Ternault, Mathieu"]
[Black "Fressinet, Laurent"]
[Result "0-1"]
[WhiteElo "2276"]
[BlackElo "2605"]
[PlyCount "122"]
[EventDate "2025.07.06"]
[EventType "swiss (blitz)"]
[EventRounds "9"]
[EventCountry "FRA"]
[SourceTitle "CB29_2025"]
[SourceDate "2025.07.16"]
[SourceVersion "1"]
[SourceVersionDate "2025.07.16"]
[SourceQuality "1"]

1. d4 d5 2. Nf3 Nf6 3. c3 e6 4. Bg5 h6 5. Bf4 g5 6. Be5 Nbd7 7. Nbd2 Bg7 8. e3 Nxe5 9. Nxe5 Nd7 10. Nxd7 Bxd7 11. h4 Qe7 12. a4 e5 13. dxe5 Bxe5 14. Nf3 g4 15. Nxe5 Qxe5 16. g3 Qe4 17. Rg1 c6 18. a5 Qe5 19. Be2 h5 20. Qd2 0-0-0 21. b4 Kb8 22. 0-0-0 Rh6 23. Qd4 f6 24. Kb2 Rhh8 25. Qc5 Rhe8 26. Rd4 Qc7 27. Rf4 f5 28. Rd1 Re4 29. Rxe4 fxe4 30. Qe7 Bc8 31. Qxc7+ Kxc7 32. c4 Rf8 33. Rf1 Be6 34. c5 b6 35. axb6+ axb6 36. cxb6+ Kxb6 37. Kc3 Kc7 38. Kd4 Kd6 39. Kc3 Ke5 40. Kd2 Ra8 41. Rc1 Bd7 42. Kc3 Rf8 43. Rf1 Bc8 44. Kd2 Kd6 45. Kc3 Rf7 46. Kd4 Bb7 47. Bd1 Ba6 48. Re1 Rxf2 49. Ba4 Rd2+ 50. Kc3 Rd3+ 51. Kb2 Bc4 52. Bc2 Rd2 53. Kc3 Rg2 54. Bxe4 Rxg3 55. Bg6 Rh3 56. Bxh5 Rxh4 57. Bg6 g3 58. e4 g2 59. e5+ Ke7 60. Rg1 Bf1 61. Kd2 Rh1 0-1

[Event "FRA-ch Blitz"]
[Site "Saint Maur des Fosses"]
[Date "2025.06.15"]
[Round "7"]
[White "Ernst, Luca"]
[Black "Fressinet, Laurent"]
[Result "0-1"]
[WhiteElo "2135"]
[BlackElo "2548"]
[PlyCount "34"]
[EventDate "2025.06.15"]
[EventType "swiss"]
[EventRounds "13"]
[EventCountry "FRA"]
[SourceTitle "CB25_2025"]
[SourceDate "2025.06.18"]
[SourceVersion "1"]
[SourceVersionDate "2025.06.18"]
[SourceQuality "1"]

1. e4 e5 2. Nf3 Nc6 3. Bb5 a6 4. Ba4 Nf6 5. Nc3 Be7 6. Bxc6 dxc6 7. a3 Bd6 8. d4 Nd7 9. Be3 Qe7 10. 0-0 0-0 11. Qd2 exd4 12. Bxd4 c5 13. Be3 b5 14. Rfe1 Bb7 15. Nd5 Qxe4 16. Nxc7 Ne5 17. Nh4 Bxc7 0-1

[Event "FRA-ch Rapid"]
[Site "Saint Maur des Fosses"]
[Date "2025.06.14"]
[Round "7"]
[White "Lagarde, Maxime"]
[Black "Fressinet, Laurent"]
[Result "1/2-1/2"]
[WhiteElo "2581"]
[BlackElo "2581"]
[PlyCount "47"]
[EventDate "2025.06.14"]
[EventType "swiss"]
[EventRounds "9"]
[EventCountry "FRA"]
[SourceTitle "CB25_2025"]
[SourceDate "2025.06.18"]
[SourceVersion "1"]
[SourceVersionDate "2025.06.18"]
[SourceQuality "1"]

1. Nf3 d5 2. g3 Nf6 3. Bg2 e6 4. 0-0 c5 5. d3 Nc6 6. Nbd2 g6 7. e4 Bg7 8. c3 0-0 9. e5 Nd7 10. d4 a5 11. a4 b6 12. Re1 cxd4 13. cxd4 Nb4 14. Ra3 Ba6 15. Bf1 Bxf1 16. Nxf1 Rc8 17. Bg5 f6 18. exf6 Bxf6 19. Bh6 Nc2 20. Bxf8 Nxf8 21. Rd3 Nxe1 22. Qxe1 Qd7 23. b3 Qc7 24. Ne3 1/2-1/2

[Event "FRA-chT Top 16 GpA"]
[Site "Belfort"]
[Date "2025.05.28"]
[Round "7.26"]
[White "Fressinet, Laurent"]
[Black "Blot, Jerome"]
[Result "1-0"]
[WhiteElo "2593"]
[BlackElo "2336"]
[PlyCount "75"]
[EventDate "2025.05.22"]
[EventType "team-tourn"]
[EventRounds "7"]
[EventCountry "FRA"]
[SourceTitle "CB22_2025"]
[SourceDate "2025.05.28"]
[SourceVersion "1"]
[SourceVersionDate "2025.05.28"]
[SourceQuality "1"]
[WhiteTeam "Chartres"]
[BlackTeam "Le Mans"]
[WhiteTeamCountry "FRA"]
[BlackTeamCountry "FRA"]

1. d4 Nf6 2. Nf3 g6 3. Bg5 Ne4 4. Bf4 c5 5. Nbd2 d5 6. e3 cxd4 7. exd4 Nc6 8. c3 Bg7 9. Bb5 0-0 10. 0-0 Nd6 11. Bxc6 bxc6 12. Re1 a5 13. Ne5 Qb6 14. Qb3 Qb5 15. Qxb5 cxb5 16. Nc6 Bf6 17. Rxe7 Nc4 18. Nxc4 bxc4 19. Be5 Ra6 20. Rc7 Bxe5 21. dxe5 Be6 22. b3 Kg7 23. Nd4 Rb8 24. f3 Bf5 25. g4 Be6 26. Kg2 g5 27. Kg3 h5 28. h3 Kg6 29. Rc5 Rbb6 30. h4 hxg4 31. fxg4 gxh4+ 32. Kxh4 f6 33. exf6 Kxf6 34. Rf1+ Kg6 35. bxc4 dxc4 36. Rg5+ Kh7 37. Rf6 a4 38. Rgg6 1-0

[Event "FRA-chT Top 16 GpA"]
[Site "Belfort"]
[Date "2025.05.24"]
[Round "3.3"]
[White "Pranesh, Munirethinam"]
[Black "Fressinet, Laurent"]
[Result "1-0"]
[WhiteElo "2576"]
[BlackElo "2593"]
[PlyCount "124"]
[EventDate "2025.05.22"]
[EventType "team-tourn"]
[EventRounds "7"]
[EventCountry "FRA"]
[SourceTitle "CB22_2025"]
[SourceDate "2025.05.28"]
[SourceVersion "1"]
[SourceVersionDate "2025.05.28"]
[SourceQuality "1"]
[WhiteTeam "Cannes"]
[BlackTeam "Chartres"]
[WhiteTeamCountry "FRA"]
[BlackTeamCountry "FRA"]

1. e4 e5 2. Nf3 Nc6 3. Bb5 a6 4. Ba4 Nf6 5. 0-0 Be7 6. Re1 b5 7. Bb3 0-0 8. h3 Bb7 9. d3 d5 10. exd5 Nxd5 11. Nbd2 Nd4 12. Nxd4 exd4 13. Qf3 Rb8 14. Ne4 c5 15. a4 Nf6 16. axb5 Nxe4 17. bxa6 Nd2 18. Qe2 Nxb3 19. cxb3 Ra8 20. Qxe7 Rxa6 21. Rxa6 Qxe7 22. Rxe7 Bxa6 23. b4 cxb4 24. Rd7 Rc8 25. Bd2 h6 26. Rxd4 Rc2 27. Bxb4 Rxb2 28. Bc5 Rd2 29. Rd8+ Kh7 30. d4 Bc4 31. Bb4 Rb2 32. Bc3 Rc2 33. Ba5 Rb2 34. Rc8 Rc2 35. Rc5 Bb3 36. Rb5 Bc4 37. Rb1 Ba2 38. Rb8 Be6 39. Rd8 Rc8 40. Rd6 Rb8 41. Bd2 Rb5 42. Be3 Rb1+ 43. Kh2 Rb5 44. Kg3 g5 45. f4 Kg7 46. Kf2 Kf6 47. Rc6 Ke7 48. Rc2 Kd7 49. fxg5 hxg5 50. Bc1 f6 51. Rc3 Bd5 52. Rc5 Rxc5 53. dxc5 Ke6 54. g3 Kf5 55. Bb2 Kg6 56. h4 gxh4 57. gxh4 f5 58. Kg3 Kh5 59. Bc1 Kg6 60. Bd2 Kh5 61. Be1 Bc6 62. Kf4 Be8 1-0

[Event "FRA-chT Top 16 GpA"]
[Site "Belfort"]
[Date "2025.05.22"]
[Round "1.5"]
[White "Fressinet, Laurent"]
[Black "Abergel, Thal"]
[Result "1-0"]
[WhiteElo "2593"]
[BlackElo "2415"]
[PlyCount "92"]
[EventDate "2025.05.22"]
[EventType "team-tourn"]
[EventRounds "7"]
[EventCountry "FRA"]
[SourceTitle "CB22_2025"]
[SourceDate "2025.05.28"]
[SourceVersion "1"]
[SourceVersionDate "2025.05.28"]
[SourceQuality "1"]
[WhiteTeam "Chartres"]
[BlackTeam "Tremblay en France"]
[WhiteTeamCountry "FRA"]
[BlackTeamCountry "FRA"]

1. d4 d5 2. Nf3 Nf6 3. c4 e6 4. Nc3 Nbd7 5. Bg5 Bb4 6. e3 c5 7. cxd5 exd5 8. Bd3 Qa5 9. 0-0 0-0 10. Nxd5 Nxd5 11. a3 h6 12. Bh4 cxd4 13. axb4 Qxb4 14. Nxd4 Nc5 15. Bb1 Be6 16. Qc2 g6 17. Nxe6 Nxe6 18. Ra4 Qb6 19. Qd2 Qc6 20. Ra3 Qc4 21. f4 Nb6 22. Rc1 Qd5 23. Qxd5 Nxd5 24. Be4 Nb4 25. Be7 Rfc8 26. Rxc8+ Rxc8 27. Bxb4 Rc4 28. Bc3 Rxe4 29. Rxa7 f5 30. Kf2 Nc5 31. Ke2 Rc4 32. Ra8+ Kf7 33. Rc8 b5 34. Rc7+ Ke6 35. Rc6+ Kd5 36. Rb6 g5 37. fxg5 hxg5 38. Rxb5 Ke4 39. Rb8 Ne6 40. Rb4 Rxb4 41. Bxb4 g4 42. Bd6 Kd5 43. Bf4 Nc5 44. Kd2 Kc4 45. Kc2 Ne6 46. h4 Kd5 1-0

[Event "FRA-chT sf rapid"]
[Site "Cappelle la Grande"]
[Date "2025.04.22"]
[Round "16.3"]
[White "Fressinet, Laurent"]
[Black "Coriat, Caroline"]
[Result "1-0"]
[WhiteElo "2561"]
[BlackElo "1767"]
[PlyCount "41"]
[EventDate "2025.04.22"]
[EventType "team-match (rapid)"]
[EventRounds "2"]
[EventCountry "FRA"]
[SourceTitle "CB17_2025"]
[SourceDate "2025.04.23"]
[SourceVersion "1"]
[SourceVersionDate "2025.04.23"]
[SourceQuality "1"]

1. d4 f5 2. Nc3 Nf6 3. Bf4 g6 4. h4 Bg7 5. h5 Nxh5 6. Rxh5 gxh5 7. e3 0-0 8. Qxh5 e5 9. dxe5 Qe7 10. Nf3 Nc6 11. Bc4+ Kh8 12. 0-0-0 Bxe5 13. Nd5 Qg7 14. Nxe5 Nxe5 15. Bxe5 Qxe5 16. Rh1 Qg7 17. Nf4 Rf6 18. Qe8+ Rf8 19. Ng6+ Qxg6 20. Qxf8+ Qg8 21. Qxg8# 1-0

[Event "FRA-chT rapid"]
[Site "Cappelle la Grande"]
[Date "2025.04.21"]
[Round "15.3"]
[White "Fressinet, Laurent"]
[Black "Khallouf, Abdallah"]
[Result "1-0"]
[WhiteElo "2561"]
[BlackElo "1918"]
[PlyCount "37"]
[EventDate "2025.04.19"]
[EventType "team-swiss (rapid)"]
[EventRounds "15"]
[EventCountry "FRA"]
[SourceTitle "CB17_2025"]
[SourceDate "2025.04.23"]
[SourceVersion "1"]
[SourceVersionDate "2025.04.23"]
[SourceQuality "1"]

1. d4 d5 2. Nf3 Nf6 3. c4 e6 4. Nc3 Be7 5. Bf4 0-0 6. e3 Nbd7 7. Be2 dxc4 8. 0-0 c5 9. dxc5 Bxc5 10. Bxc4 Nh5 11. Bg5 Be7 12. Ne4 h6 13. Bxe7 Qxe7 14. Qd6 Qxd6 15. Nxd6 Nb6 16. Bb3 Rb8 17. Rfd1 Bd7 18. Ne5 Ba4 19. Bxa4 1-0

[Event "FRA-chT rapid"]
[Site "Cappelle la Grande"]
[Date "2025.04.20"]
[Round "9.3"]
[White "Fressinet, Laurent"]
[Black "Abiven, Pierre Louis"]
[Result "1-0"]
[WhiteElo "2561"]
[BlackElo "2022"]
[PlyCount "153"]
[EventDate "2025.04.19"]
[EventType "team-swiss (rapid)"]
[EventRounds "15"]
[EventCountry "FRA"]
[SourceTitle "CB17_2025"]
[SourceDate "2025.04.23"]
[SourceVersion "1"]
[SourceVersionDate "2025.04.23"]
[SourceQuality "1"]

1. d4 d5 2. Nf3 Nf6 3. c4 e6 4. Nc3 Be7 5. Bf4 0-0 6. e3 b6 7. Be2 c5 8. cxd5 Nxd5 9. Nxd5 exd5 10. 0-0 Be6 11. a3 Bf6 12. Qc2 Qe7 13. Rfc1 Rc8 14. e4 h6 15. e5 Bg5 16. Nxg5 hxg5 17. Be3 Nc6 18. dxc5 Nxe5 19. b4 bxc5 20. Bxc5 Qf6 21. Qc3 Nc4 22. Qxf6 gxf6 23. Bd4 Kg7 24. b5 Rab8 25. a4 Rb7 26. Rc3 Ra8 27. Rb1 Kg6 28. h3 Bf5 29. Rbc1 a6 30. Bf3 Rd7 31. Rxc4 dxc4 32. Bxa8 axb5 33. Bc3 bxa4 34. Bc6 Ra7 35. Ba1 Bd3 36. Bb5 a3 37. Bxc4 Bxc4 38. Rxc4 Rb7 39. Bd4 Rb1+ 40. Kh2 Rd1 41. Ra4 a2 42. Bc3 Rc1 43. Bd4 Rd1 44. Bb2 Rd2 45. Rxa2 Rxf2 46. Kg1 Rc2 47. g4 Rd2 48. Kf1 Rh2 49. Ke1 Rxh3 50. Ra6 Rf3 51. Ke2 Rf4 52. Ke3 Rxg4 53. Rxf6+ Kh5 54. Rxf7 Rg3+ 55. Kf2 Rb3 56. Bd4 Kg4 57. Rf8 Ra3 58. Be3 Ra5 59. Rb8 Ra2+ 60. Ke1 Ra5 61. Ke2 Ra2+ 62. Bd2 Rc2 63. Rb5 Kh4 64. Kd3 Ra2 65. Bxg5+ Kg4 66. Be3 Ra3+ 67. Ke4 Ra4+ 68. Bd4 Ra8 69. Rb1 Re8+ 70. Be5 Kh3 71. Rg1 Rf8 72. Bf4 Kh4 73. Kf3 Kh5 74. Rg5+ Kh4 75. Rg6 Rh8 76. Rg1 Ra8 77. Rh1# 1-0

[Event "FRA-chT rapid"]
[Site "Cappelle la Grande"]
[Date "2025.04.20"]
[Round "5.3"]
[White "Fressinet, Laurent"]
[Black "Adrian, Leopold"]
[Result "1-0"]
[WhiteElo "2561"]
[BlackElo "2201"]
[PlyCount "61"]
[EventDate "2025.04.19"]
[EventType "team-swiss (rapid)"]
[EventRounds "15"]
[EventCountry "FRA"]
[SourceTitle "CB17_2025"]
[SourceDate "2025.04.23"]
[SourceVersion "1"]
[SourceVersionDate "2025.04.23"]
[SourceQuality "1"]

1. d4 d5 2. Nf3 c5 3. c3 Nf6 4. dxc5 e6 5. b4 a5 6. e3 axb4 7. cxb4 b6 8. a4 bxc5 9. b5 c4 10. Be2 Bd7 11. Nc3 Bb4 12. Bd2 0-0 13. 0-0 Re8 14. Ne5 Qc7 15. f4 Qb6 16. Kh1 Bc8 17. Bf3 Ba5 18. Nxc4 dxc4 19. Bxa8 Rd8 20. Qe2 Rd3 21. Ne4 Nbd7 22. Bxa5 Qxa5 23. Nxf6+ Nxf6 24. Bc6 Nd5 25. Bxd5 exd5 26. Rfd1 Bf5 27. Qe1 c3 28. Rxd3 Bxd3 29. Rc1 Qxa4 30. Qxc3 Bxb5 31. Ra1 1-0

[Event "FRA-chT rapid"]
[Site "Cappelle la Grande"]
[Date "2025.04.20"]
[Round "11.3"]
[White "Fressinet, Laurent"]
[Black "Tavernier, Loris"]
[Result "1-0"]
[WhiteElo "2561"]
[BlackElo "1965"]
[PlyCount "63"]
[EventDate "2025.04.19"]
[EventType "team-swiss (rapid)"]
[EventRounds "15"]
[EventCountry "FRA"]
[SourceTitle "CB17_2025"]
[SourceDate "2025.04.23"]
[SourceVersion "1"]
[SourceVersionDate "2025.04.23"]
[SourceQuality "1"]

1. d4 d5 2. Nf3 Nf6 3. c4 e6 4. Nc3 Be7 5. Bf4 0-0 6. e3 c5 7. dxc5 Bxc5 8. cxd5 Nxd5 9. Nxd5 exd5 10. a3 Re8 11. Bd3 h6 12. 0-0 Nc6 13. Rc1 Bd6 14. Qa4 Bxf4 15. Qxf4 Be6 16. b4 Qb6 17. b5 Na5 18. Nd4 Rac8 19. Nxe6 Rxc1 20. Rxc1 Qxe6 21. Rc7 Rc8 22. h4 g6 23. h5 g5 24. Rxc8+ Qxc8 25. Qf6 Qc1+ 26. Kh2 Qxa3 27. Qd8+ Kg7 28. Qxd5 Qa1 29. g3 Qf6 30. Kg2 Qc3 31. e4 Nb3 32. Bc4 1-0

[Event "FRA-chT rapid"]
[Site "Cappelle la Grande"]
[Date "2025.04.19"]
[Round "2.3"]
[White "Budak, Rezan"]
[Black "Fressinet, Laurent"]
[Result "0-1"]
[WhiteElo "2003"]
[BlackElo "2561"]
[PlyCount "82"]
[EventDate "2025.04.19"]
[EventType "team-swiss (rapid)"]
[EventRounds "15"]
[EventCountry "FRA"]
[SourceTitle "CB17_2025"]
[SourceDate "2025.04.23"]
[SourceVersion "1"]
[SourceVersionDate "2025.04.23"]
[SourceQuality "1"]

1. e4 c5 2. Nc3 Nc6 3. Nge2 Nf6 4. Nf4 e6 5. Bc4 a6 6. a4 Bd6 7. Nh5 0-0 8. 0-0 Be5 9. d3 Nxh5 10. Qxh5 g6 11. Qd1 Nb4 12. f4 Bg7 13. f5 exf5 14. exf5 d5 15. Bb3 Bxf5 16. Rxf5 gxf5 17. Qf3 c4 18. dxc4 dxc4 19. Ba2 Nxc2 20. Rb1 Qd3 21. Bg5 Qxf3 22. gxf3 b5 23. Nd5 f6 24. Bf4 Rad8 25. Ne7+ Kh8 26. Nxf5 Nd4 27. Nxg7 Kxg7 28. Kf2 Kf7 29. Ra1 Nc2 30. Rc1 Nb4 31. Bb1 Nd3+ 32. Bxd3 Rxd3 33. axb5 axb5 34. Ra1 Re8 35. Ra7+ Re7 36. Ra8 Rb3 37. Bc1 Rd7 38. Ra2 Rdd3 39. f4 Kg6 40. Ra7 Rd1 41. f5+ Kxf5 0-1

[Event "FRA-chT rapid"]
[Site "Cappelle la Grande"]
[Date "2025.04.19"]
[Round "3.3"]
[White "Fressinet, Laurent"]
[Black "Alidis, Myron"]
[Result "1-0"]
[WhiteElo "2561"]
[BlackElo "1989"]
[PlyCount "107"]
[EventDate "2025.04.19"]
[EventType "team-swiss (rapid)"]
[EventRounds "15"]
[EventCountry "FRA"]
[SourceTitle "CB17_2025"]
[SourceDate "2025.04.23"]
[SourceVersion "1"]
[SourceVersionDate "2025.04.23"]
[SourceQuality "1"]

1. d4 d5 2. Nf3 Nf6 3. c4 c6 4. Nc3 e6 5. e3 Nbd7 6. Bd3 Bd6 7. e4 dxc4 8. Bxc4 b5 9. e5 bxc4 10. exd6 0-0 11. 0-0 Nb6 12. Bg5 Nbd5 13. Ne4 h6 14. Bh4 g5 15. Nxf6+ Nxf6 16. Bg3 Ne4 17. Nd2 Nxd6 18. Bxd6 Qxd6 19. Nxc4 Qd5 20. Ne3 Qd6 21. Qh5 Kg7 22. h4 Rh8 23. hxg5 hxg5 24. Qxg5+ Kf8 25. Qe5 Qxe5 26. dxe5 Rh5 27. f4 Ke7 28. Rac1 Bb7 29. Kf2 Rd8 30. Rfd1 Rg8 31. Rh1 Rxh1 32. Rxh1 Rd8 33. Rd1 Rxd1 34. Nxd1 c5 35. Nc3 f6 36. g4 fxe5 37. fxe5 Kf7 38. Ke3 Kg6 39. Kf4 Bc6 40. b3 a5 41. Nd1 Bd5 42. Ne3 Bc6 43. Nc4 a4 44. bxa4 Bxa4 45. Nd6 Bc6 46. Ne4 c4 47. Nc3 Bd7 48. a4 Bc6 49. a5 Bb7 50. Ne4 Ba6 51. Ke3 Bb7 52. Kd4 Ba6 53. Nc5 Bc8 54. a6 1-0

[Event "FRA-chT rapid"]
[Site "Cappelle la Grande"]
[Date "2025.04.19"]
[Round "4.3"]
[White "Gerandi, Guillaume"]
[Black "Fressinet, Laurent"]
[Result "0-1"]
[WhiteElo "1949"]
[BlackElo "2561"]
[PlyCount "76"]
[EventDate "2025.04.19"]
[EventType "team-swiss (rapid)"]
[EventRounds "15"]
[EventCountry "FRA"]
[SourceTitle "CB17_2025"]
[SourceDate "2025.04.23"]
[SourceVersion "1"]
[SourceVersionDate "2025.04.23"]
[SourceQuality "1"]

1. e4 c5 2. Nf3 Nc6 3. d4 cxd4 4. Nxd4 e5 5. Nb5 d6 6. N1c3 a6 7. Na3 Be6 8. Be2 Nf6 9. Bg5 Be7 10. 0-0 0-0 11. Nc4 Nd4 12. Bxf6 Bxf6 13. Ne3 Rc8 14. Bd3 Bg5 15. Ncd5 g6 16. c3 Nc6 17. Qa4 Kh8 18. Kh1 Ne7 19. Rad1 Bxd5 20. Nxd5 Nxd5 21. exd5 f5 22. f3 Qb6 23. Qb3 Qc7 24. Qb4 Qe7 25. Rfe1 Rc5 26. Bf1 Bh4 27. g3 Bf6 28. c4 a5 29. Qd2 Kg7 30. a3 a4 31. Qc2 Ra8 32. Bd3 b5 33. Qe2 bxc4 34. Bxc4 Rb8 35. Rd2 Qc7 36. Ba2 Bg5 37. Rdd1 Rc2 38. Qd3 Rbxb2 0-1

[Event "Bundesliga 2425"]
[Site "Germany"]
[Date "2025.03.24"]
[Round "12.8"]
[White "Vachier Lagrave, Maxime"]
[Black "Fressinet, Laurent"]
[Result "1/2-1/2"]
[WhiteElo "2731"]
[BlackElo "2616"]
[PlyCount "81"]
[EventDate "2024.09.28"]
[EventType "team-tourn"]
[EventRounds "15"]
[EventCountry "GER"]
[SourceTitle "CB13_2025"]
[SourceDate "2025.03.26"]
[SourceVersion "1"]
[SourceVersionDate "2025.03.26"]
[SourceQuality "1"]
[WhiteTeam "Baden-Baden"]
[BlackTeam "Werder Bremen"]
[WhiteTeamCountry "GER"]
[BlackTeamCountry "GER"]

1. e4 e5 2. Nf3 Nc6 3. Bb5 a6 4. Ba4 Nf6 5. 0-0 Be7 6. d3 b5 7. Bb3 0-0 8. Nc3 d6 9. a3 Na5 10. Ba2 Be6 11. Bg5 c5 12. Bxf6 Bxf6 13. Nd5 Nc6 14. a4 b4 15. a5 Kh8 16. c3 Ra7 17. h3 g6 18. Qd2 Bg7 19. Ng5 bxc3 20. bxc3 Nxa5 21. Nxe6 fxe6 22. Ne3 c4 23. Nxc4 Nxc4 24. dxc4 Qb6 25. c5 dxc5 26. Bc4 a5 27. Ra4 Qc6 28. Qc2 Bh6 29. Rd1 Rd7 30. Rxa5 Rxd1+ 31. Qxd1 Qxe4 32. Bxe6 Qf4 33. Qe1 e4 34. Ra4 Qd2 35. Rxe4 Qxe1+ 36. Rxe1 Bd2 37. Re5 Re8 38. Rd5 Bxc3 39. Rxc5 Bd4 40. Rc6 Rb8 41. Rc8+ 1/2-1/2

[Event "Chessable Masters Play In"]
[Site "Chess.com INT"]
[Date "2025.02.17"]
[Round "2"]
[White "Giri, Anish"]
[Black "Fressinet, Laurent"]
[Result "1-0"]
[WhiteElo "2728"]
[BlackElo "2588"]
[PlyCount "59"]
[EventDate "2025.02.17"]
[EventType "swiss (blitz)"]
[EventRounds "9"]
[EventCountry "USA"]
[SourceTitle "CB08_2025"]
[SourceDate "2025.02.19"]
[SourceVersion "1"]
[SourceVersionDate "2025.02.19"]
[SourceQuality "1"]

1. e4 e5 2. Nf3 Nc6 3. Bb5 Nf6 4. d3 Bc5 5. Bxc6 dxc6 6. 0-0 Bd6 7. a4 Bg4 8. h3 Bh5 9. Nbd2 Nd7 10. Nc4 0-0 11. g4 Bg6 12. Kh1 f6 13. Ne3 Re8 14. Nf5 Bf8 15. Be3 a5 16. Rg1 Kh8 17. h4 Bf7 18. Rg3 b5 19. Qd2 g6 20. Nh6 Be6 21. axb5 cxb5 22. Rxa5 Rxa5 23. Qxa5 b4 24. g5 fxg5 25. Bxg5 Qa8 26. Qxa8 Rxa8 27. d4 Ra2 28. Nxe5 Nxe5 29. Bf6+ Bg7 30. dxe5 1-0

[Event "Titled Tuesday intern op 11th Feb Early"]
[Site "Chess.com INT"]
[Date "2025.02.11"]
[Round "2"]
[White "Kakavand, Ramtin1"]
[Black "Fressinet, Laurent"]
[Result "0-1"]
[WhiteElo "2106"]
[BlackElo "2588"]
[PlyCount "140"]
[EventDate "2025.02.11"]
[EventType "swiss (blitz)"]
[EventRounds "11"]
[EventCountry "USA"]
[SourceTitle "CB09_2025"]
[SourceDate "2025.02.27"]
[SourceVersion "1"]
[SourceVersionDate "2025.02.27"]
[SourceQuality "1"]

1. e4 c5 2. Nf3 Nc6 3. Bb5 g6 4. Bxc6 dxc6 5. h3 Bg7 6. d3 b6 7. Nc3 e5 8. 0-0 Ne7 9. a4 a5 10. Be3 h6 11. Nh2 Be6 12. f4 exf4 13. Bxf4 g5 14. Bg3 0-0 15. Nf3 f5 16. Qe2 f4 17. Bf2 Ng6 18. Rad1 g4 19. hxg4 Bxg4 20. Rd2 Ne5 21. Be1 Kh7 22. Kh2 Rg8 23. Qf2 Bf6 24. Ne2 Bxf3 25. gxf3 Qe8 26. Kh1 Bg5 27. Qh2 Qf7 28. Ng1 Rad8 29. Nh3 c4 30. d4 c3 31. bxc3 Qc4 32. Rdf2 Nf7 33. Rg1 Bh4 34. Rfg2 Bxe1 35. Rxe1 Qxc3 36. Rf1 Qxd4 37. Qxf4 Rxg2 38. Kxg2 Rg8+ 39. Kh1 Qd7 40. Kh2 Qe7 41. Rg1 Rxg1 42. Kxg1 Ng5 43. Qf5+ Kg7 44. Nf4 Qf7 45. Qxf7+ Kxf7 46. Kf2 b5 47. axb5 cxb5 48. Nd3 h5 49. Ke3 h4 50. f4 Ne6 51. f5 Ng5 52. Kf4 h3 53. Kg3 Nxe4+ 54. Kxh3 Kf6 55. Kg4 a4 56. Kf4 a3 57. Nb4 Nc3 58. Ke3 Kxf5 59. Kd4 Na4 60. Kd5 Kf4 61. Kc6 Nc3 62. Na2 Nxa2 63. Kxb5 Nc3+ 64. Kb4 a2 65. Kb3 a1Q 66. Kc4 Na2 67. Kd3 Qc3+ 68. Ke2 Qxc2+ 69. Kf1 Kf3 70. Kg1 Qg2# 0-1

[Event "Bundesliga 2425"]
[Site "Germany"]
[Date "2025.02.01"]
[Round "7.1"]
[White "Fressinet, Laurent"]
[Black "Svane, Rasmus"]
[Result "1/2-1/2"]
[WhiteElo "2616"]
[BlackElo "2629"]
[PlyCount "47"]
[EventDate "2024.09.28"]
[EventType "team-tourn"]
[EventRounds "15"]
[EventCountry "GER"]
[SourceTitle "CB06_2025"]
[SourceDate "2025.02.05"]
[SourceVersion "1"]
[SourceVersionDate "2025.02.05"]
[SourceQuality "1"]
[WhiteTeam "Werder Bremen"]
[BlackTeam "Hamburger SK"]
[WhiteTeamCountry "GER"]
[BlackTeamCountry "GER"]

1. e4 e5 2. Nf3 Nf6 3. d4 Nxe4 4. Bd3 d5 5. Nxe5 Nd7 6. Nxd7 Bxd7 7. Nd2 Nxd2 8. Bxd2 Qe7+ 9. Be3 Qb4+ 10. Qd2 Qxd2+ 11. Kxd2 Bd6 12. h4 h5 13. Rae1 Be6 14. g3 Kd7 15. Bf4 Rae8 16. Bxd6 Kxd6 17. Re3 Bg4 18. f3 Bd7 19. Rxe8 Rxe8 20. Re1 Be6 21. c3 a5 22. Re2 Re7 23. a3 b6 24. Re1 1/2-1/2

[Event "Wch Blitz"]
[Site "New York"]
[Date "2024.12.30"]
[Round "7"]
[White "Batsuren, Dambasuren"]
[Black "Fressinet, Laurent"]
[Result "0-1"]
[WhiteElo "2531"]
[BlackElo "2588"]
[PlyCount "98"]
[EventDate "2024.12.30"]
[EventType "swiss (blitz)"]
[EventRounds "13"]
[EventCountry "USA"]
[SourceTitle "CB01_2025"]
[SourceDate "2025.01.01"]
[SourceVersion "1"]
[SourceVersionDate "2025.01.01"]
[SourceQuality "1"]

1. d4 Nf6 2. c4 g6 3. g3 Bg7 4. Bg2 0-0 5. Nc3 d6 6. Nf3 a5 7. 0-0 Bf5 8. Ne1 Nc6 9. e4 Bd7 10. Nc2 e5 11. dxe5 dxe5 12. Nd5 Ne8 13. b3 Nd6 14. Ba3 Nd4 15. Nxd4 exd4 16. Bc5 Bc6 17. Bxd4 Bxd5 18. cxd5 Re8 19. Re1 a4 20. Rc1 axb3 21. axb3 f6 22. Qc2 Re7 23. f4 Kh8 24. Bh3 c6 25. Be6 cxd5 26. exd5 f5 27. Qc3 Nb5 28. Bxg7+ Rxg7 29. Qc5 Nd6 30. Ra1 Rb8 31. Kg2 Ne4 32. Qd4 Qd6 33. Rac1 Rd8 34. Qe5 h5 35. Qxd6 Nxd6 36. Kf3 Ra8 37. Ra1 Rd8 38. Ke3 Rc7 39. Rec1 Re7 40. Kd4 Kg7 41. Rc2 Ne4 42. Ke5 Nf6 43. Rd2 Ng4+ 44. Kd4 Rxe6 45. Ra7 Re7 46. Kc5 Nf6 47. Rd4 Red7 48. Kc4 Nxd5 49. Kc5 b6+ 0-1

[Event "Wch Blitz"]
[Site "New York"]
[Date "2024.12.30"]
[Round "2"]
[White "Fressinet, Laurent"]
[Black "So, Wesley"]
[Result "0-1"]
[WhiteElo "2588"]
[BlackElo "2747"]
[PlyCount "100"]
[EventDate "2024.12.30"]
[EventType "swiss (blitz)"]
[EventRounds "13"]
[EventCountry "USA"]
[SourceTitle "CB01_2025"]
[SourceDate "2025.01.01"]
[SourceVersion "1"]
[SourceVersionDate "2025.01.01"]
[SourceQuality "1"]

1. Nf3 d5 2. e3 c5 3. b3 a6 4. Bb2 Nc6 5. d4 Nf6 6. Be2 Bf5 7. 0-0 e6 8. c4 dxc4 9. bxc4 Be7 10. Nbd2 0-0 11. dxc5 Bxc5 12. Nb3 Be7 13. c5 Rc8 14. Nfd4 Be4 15. Bf3 Qd5 16. Rc1 Ne5 17. Bxe4 Qxe4 18. Nd2 Qd5 19. N2b3 Bxc5 20. Nxe6 fxe6 21. Qxd5 exd5 22. Nxc5 Nc4 23. Bxf6 Rxf6 24. Nxb7 Rfc6 25. Rfd1 R6c7 26. Rb1 Rb8 27. Rxd5 Rcxb7 28. Rxb7 Rxb7 29. h4 Rb1+ 30. Kh2 Rb2 31. Rc5 Nd6 32. Rc6 Ne4 33. f3 Nd2 34. Rxa6 Nf1+ 35. Kh3 Nxe3 36. g4 h6 37. Kg3 Kh7 38. a4 Nf1+ 39. Kf4 Rb4+ 40. Kf5 Nh2 41. g5 hxg5 42. hxg5 Nxf3 43. Ra8 g6+ 44. Kf6 Rf4+ 45. Ke7 Nxg5 46. a5 Rf7+ 47. Kd6 Ne4+ 48. Kd5 Nc3+ 49. Ke6 Rg7 50. a6 Nb5 0-1